| 000 | 01713cam a2200289 4500 | ||
|---|---|---|---|
| 001 | L124128 | ||
| 008 | 031029n2003 000 0 eng u | ||
| 020 | _a0080442013 | ||
| 035 | _a(Sirsi) u124128 | ||
| 041 | _aeng | ||
| 050 |
_a333.70285 _c18 |
||
| 110 |
_aInternational Cartographic Association _92595 |
||
| 245 | _aMaps and the internet | ||
| 260 |
_aAmsterdam _aLondon _bElsevier _c2003 |
||
| 300 |
_axvi, 451p. _c25cm |
||
| 350 | _a150 | ||
| 520 | _aExamines the new trend of internet cartography and provides an overview of current research in this area. Use of the internet has enabled maps to be disseminated to a wider audience than just static paper maps and also for users to interrogate maps and manipulate the data for their own purposes. Addresses the basic issue raised by the Commission on Maps and the Internet established by the International Cartographic Association, namely: focus attention on disseminating maps and spatial data through distributed electronic networks; examine internet map usage and project future areas of growth; examine web map uses to better serve user needs; promote the exchange of information about effective internet mapping for an international audience; improve user access to maps by examining the potential of internet map metadata and; promote instruction on internet mapping through collaboration and co-ordination with other ICA commissions. | ||
| 520 | _aAccompanied by CD-ROM (L145171) which is not available for loan. | ||
| 650 | _aMAPS | ||
| 650 | _aMAPPING | ||
| 650 | _aINTERNET | ||
| 650 | _aLAND INFORMATION SYSTEMS | ||
| 650 | _aGIS | ||
| 690 | _aMAPPING AND MEASUREMENT | ||
| 700 |
_aPeterson, Michael P. _xEditor |
||
| 942 | _n0 | ||
| 999 |
_c103158 _d103158 |
||